02201agaaa2200313 45000010005000000030009000050050017000140070009000310080040000400400023000800410013001031000045001161300013001612400020001742450153001942460013003472500022003602600133003823000034005155080136005495110092006855200842007775380016016195460013016356500066016487000061017147000057017757000055018327224IT-RoPAU20220918181246.0d cvaizq50131s9999||||xx ||| | || ||und|| aIT-RoPAUcIT-RoPAU aITALIANO aNichols MikegCodice regista SPICS: 3196 aCOMMA-22 aCATCH-22gT3674 aCOMMA-22cProdotto da: Calley J. Ransohoff -- Sceneggiatura: Henry Buck -- Diretto da: Nichols MikepCOMMA-22 (Rif. Codice opera principale : H7224) aCATCH-22 aEdizione Standard a(USA)bPARAMOUNT PICTURES - FILMWAYS INC. / Distribuzione: MESSAGGERIE MUSICALIg"1970 (1° ed.: 2007 ; Ed. Lingua Orig.: 1970)" aDVDbsonoro, col.c117 minuti a"Fotografia: Watkin David; Montaggio: O'Steen Sam; Musica: Reiner Fritz; Sceneggiatura: Henry Buck; Scenografia: Sylbert Richard; " a"Balsam Martin; Benjamin Richard; Garfunkel Arthur; Gilford Jack; Henry Buck; Newhart " aDURANTE AL SECONDA GUERRA MONDIALE IL CAPITANO DELL'AVIAZIONE AMERICANA YOSSARIAN, OSSESSIONATO DALL'IDEA DI POTER PREDERE LA VITA NEL CORSO DI UNA DELLE TANTE MISSIONI DI VOLO IN CUI LO IMPEGNANO I PROPRI SUPERIORI, CERCA RIPETUTAMENTE DI FARSI PASSARE PER PAZZO E FARSI ESONERARE DAL SERVIZIO. POICHE' LA SUA INFERMITA' NON VIENE RICONOSCIUTA, YOSSARIAN SI VEDE COSTRETTO A RESTARE SPETTATORE DI UNA SERIE DI ASSURDITA' CHE LA GUERRA INEVITABILMENTE PORTA CON SE' E SI LASCIA ALLE SPALLE: GLI INUTILI MASSACRI, GLI ORDINI DISUMANI E PRIVI DI LOGICA, L'OBBEDIENZA CIECA, I PROFITTI ECONOMICI DEGLI OPPORTUNISTI. ESASPERATO E DISGUSTATO, YOSSARIAN DECIDE ALLA FINE DI ALLONTANARSI DALLA BASE AEREA NELLA QUALE PRESTA SERVIZIO, PARTENDO A BORDO DI UNCANOTTO VERSO IL MARE APERTO. COMMA-22 E' UNA SATIRA ANTI-MILITARE DI DIMENSIONI EPICHE. aPAL, STEREO aITALIANO aCOMMEDIA - GUERRAeDVD-FILM [DVD]xCodice MATERIA SPICS: 9947 aHeller Joseph e(soggetto)gCodice Soggetto SPICS: 58869 aNichols Mike e(regista)gCodice regista SPICS: 3196 aReiner Fritze(musica)gCodice Musica SPICS: 58870